Reciclajuego: cómo dar juego al material de desecho

Uloženo v:
Podrobná bibliografie
Hlavní autor: Martín Martínez, Francesc (autor)
Médium: Kniha
Jazyk:španělština
Vydáno: Barcelona Paidotribo 2007
Vydání:1a. ed
Témata:
Tagy: Přidat tag
Žádné tagy, Buďte první, kdo vytvoří štítek k tomuto záznamu!

MARC

LEADER 00000nam a2200000 a 4500
001 UCG3293
003 CL-VaPUC
008 100819e20070000SP |||||||||||||||||spa|d
020 |a 9788480199261 
082 0 4 |a 796.1  |b MAR  |2 21 
100 |a Martín Martínez, Francesc  |e autor  |9 552298 
245 1 0 |a Reciclajuego: cómo dar juego al material de desecho 
250 |a 1a. ed 
300 |a 206 p 
942 |c BK 
945 |d 20100819 00:00:00  |a mfarfan 
260 |a Barcelona  |b Paidotribo  |c 2007 
650 0 |a Juegos   |9 243060 
650 0 |a Reciclaje  |9 382935 
650 0 |a Juegos infantiles  |9 307365 
650 0 |a Juegos al aire libre  |9 474689 
583 |a last modification  |c 20100819 00:00:00  |k Rodrigo Vera 
999 |c 342363  |d 342361 
952 |0 0  |1 0  |4 0  |6 796_100000000000000_MAR_2007  |7 0  |8 C  |9 438523  |a BIBCUR  |b BIBCUR  |d 2019-11-22  |i 470553K  |o 796.1 MAR 2007  |p 470553K  |r 2025-04-22  |w 2019-11-22  |y BK  |k DEN